[Event "Offene Hessische Senioren Einzelmeisters"]
[Site "Bad Sooden- Allendorf"]
[Date "2013.04.22"]
[Round "3.49"]
[White "Hampe, Werner"]
[Black "Jürgens, Peter"]
[Result "0-1"]
[WhiteElo "1587"]
[BlackElo "1832"]
[PlyCount "90"]
[EventDate "2013.??.??"]
[WhiteTeam "SK Lister Turm"]
[BlackTeam "SC Tempo Göttingen"]

1. c4 Nf6 2. g3 e6 3. Bg2 d5 4. Nf3 Be7 5. O-O O-O 6. b3 b6 7. Bb2 Bb7 8. d4
Nbd7 9. Nc3 c5 10. cxd5 Nxd5 11. Nxd5 Bxd5 12. Re1 Nf6 13. dxc5 Bxc5 14. Bxf6
Qxf6 15. e4 Bb7 16. Qe2 Rad8 17. Rad1 h6 18. Rd3 Rxd3 19. Qxd3 Rd8 20. Qc2 Qe7
21. e5 Qd7 22. Qe2 Bc6 23. Bf1 a5 24. Bg2 a4 25. bxa4 Bxa4 26. Bf1 Bc6 27. Bg2
Qd3 28. Qxd3 Rxd3 29. Nh4 Bxg2 30. Kxg2 Rd2 31. Rf1 Rxa2 32. Nf3 b5 33. Ne1 Bd4
34. Nd3 Rd2 35. Ne1 Bxe5 36. Nf3 Rd5 37. Nxe5 Rxe5 38. Rb1 Kf8 39. f4 Rd5 40.
Kf3 Ke7 41. Rb3 Kd6 42. g4 Kc5 43. Rc3+ Kd4 44. Rc7 b4 45. Rb7 Kc4 0-1

[Event "Offene Hessische Senioren Einzelmeisters"]
[Site "Bad Sooden- Allendorf"]
[Date "2013.04.22"]
[Round "3.50"]
[White "Plischke, Berthold"]
[Black "Strozewski, Günter"]
[Result "1-0"]
[WhiteElo "1828"]
[BlackElo "1604"]
[Annotator ",Microsoft"]
[PlyCount "73"]
[EventDate "2013.??.??"]
[WhiteTeam "SV Wesel 1928 e.V."]
[BlackTeam "SV Erkenschwick 1923 e"]

1. e4 e6 2. d4 d5 3. Nc3 c6 4. e5 c5 5. dxc5 Bxc5 6. Qg4 Bf8 7. Nb5 Nh6 8. Bxh6
gxh6 9. Bd3 Nc6 10. Nf3 a6 11. Nbd4 Ne7 12. Qf4 Qb6 $11 13. O-O Bd7 14. b4 Ng6
15. Bxg6 hxg6 16. Rfb1 Be7 17. a4 g5 18. Qe3 g4 19. a5 Qd8 20. Ne1 Bg5 21. Qe2
h5 22. Nd3 g3 23. Nc5 gxh2+ 24. Kh1 Bc8 25. b5 Be7 26. Na4 axb5 27. Nb6 Rb8 28.
Qxb5+ Bd7 29. Nxd7 Qxd7 30. a6 Qxb5 31. Rxb5 O-O 32. axb7 Bd8 33. Nc6 Bc7 34.
Nxb8 Bxb8 35. Ra8 f6 36. Rc5 fxe5 37. Rc8 1-0

[Event "Offene Hessische Senioren Einzelmeisters"]
[Site "Bad Sooden- Allendorf"]
[Date "2013.04.22"]
[Round "3.51"]
[White "Zoll, Theo"]
[Black "Rürup, Hans-Heinz"]
[Result "0-1"]
[WhiteElo "1582"]
[BlackElo "1825"]
[PlyCount "54"]
[EventDate "2013.??.??"]
[WhiteTeam "ESV Rot-Weiß Göttingen"]
[BlackTeam "SV Bad Oeynhausen"]

1. d4 d5 2. Bf4 c6 3. Nf3 Nf6 4. e3 Bf5 5. Nbd2 e6 6. c4 Bd6 7. Ne5 O-O 8. c5
Bxe5 9. Bxe5 Nbd7 10. Bg3 Re8 11. Nf3 Ne4 12. Be2 Qa5+ 13. Nd2 e5 14. f3 Nxg3
15. hxg3 exd4 16. e4 dxe4 17. Kf1 d3 18. Nb3 dxe2+ 19. Qxe2 Qc7 20. f4 Nf6 21.
Re1 Rad8 22. Kg1 Bg4 23. Qc2 e3 24. Nc1 Qd7 25. Kh2 Qd2 26. Qc4 Rd5 27. Ne2
Rh5+ 0-1

[Event "Offene Hessische Senioren Einzelmeisters"]
[Site "Bad Sooden- Allendorf"]
[Date "2013.04.22"]
[Round "3.52"]
[White "Görtz, Hans"]
[Black "Tomas, Johann"]
[Result "1-0"]
[WhiteElo "1813"]
[BlackElo "1590"]
[PlyCount "80"]
[EventDate "2013.??.??"]
[WhiteTeam "DJK Wacker Bergeborbeck 1922"]
[BlackTeam "SK Bad Sooden-Allendorf"]

1. d4 c6 2. c4 d6 3. Nc3 Nd7 4. e4 e6 5. Nf3 h6 6. Bd3 Be7 7. O-O Bg5 8. Qe2
Bxc1 9. Raxc1 Ne7 10. h3 O-O 11. Nh2 Ng6 12. f4 Nf6 13. Rcd1 Qb6 14. Bb1 e5 15.
c5 dxc5 16. dxe5 Ne8 17. a3 Qa5 18. Qf2 b6 19. Qg3 Ba6 20. Rf2 c4 21. e6 Ne7
22. Rd7 Bc8 23. Rxe7 Bxe6 24. f5 Qc5 25. Rxe8 Raxe8 26. fxe6 Rxe6 27. Ng4 Kh8
28. e5 b5 29. Ne4 Qb6 30. Nd6 Qd4 31. Kh2 Re7 32. Nf5 Qd8 33. Ngxh6 g6 34. Nxe7
Qxe7 35. Ng4 Rd8 36. Nf6 Kg7 37. Qg5 Qc7 38. Nh5+ Kh7 39. Qf6 Kh6 40. Nf4 Rg8
1-0

[Event "Offene Hessische Senioren Einzelmeisters"]
[Site "Bad Sooden- Allendorf"]
[Date "2013.04.22"]
[Round "3.53"]
[White "Richter, Stefan"]
[Black "Papapostolou, Christos"]
[Result "0-1"]
[WhiteElo "1556"]
[BlackElo "1950"]
[PlyCount "56"]
[EventDate "2013.??.??"]
[WhiteTeam "SV Empor West Zwickau"]
[BlackTeam "SK Bad Sooden-Allendorf"]

1. e4 c5 2. Nc3 Nc6 3. Nf3 d6 4. h3 Nf6 5. Bc4 e6 6. d3 a6 7. a3 b5 8. Ba2 Bb7
9. Be3 Be7 10. O-O O-O 11. Nh2 b4 12. axb4 cxb4 13. Ne2 d5 14. exd5 Nxd5 15.
Bd2 Bf6 16. Qc1 Re8 17. Ng4 Be7 18. c4 Nf6 19. Nxf6+ Bxf6 20. Qc2 a5 21. Bb1 g6
22. Be3 Ne5 23. Rxa5 Qxa5 24. f4 Nd7 25. Ng3 Rad8 26. b3 Qa1 27. Ne2 Qb2 28.
Qd1 Nc5 0-1

[Event "Offene Hessische Senioren Einzelmeisters"]
[Site "Bad Sooden- Allendorf"]
[Date "2013.04.22"]
[Round "3.54"]
[White "Wittmann, Georg"]
[Black "Schiller, Hans"]
[Result "1/2-1/2"]
[WhiteElo "1805"]
[BlackElo "1586"]
[PlyCount "58"]
[EventDate "2013.??.??"]
[WhiteTeam "SV 51 Zerbst"]
[BlackTeam "SF Bad Lausick"]

1. c4 c6 2. e4 d5 3. cxd5 cxd5 4. exd5 Qxd5 5. Nc3 Qa5 6. d4 Nf6 7. Bd3 e6 8.
Nge2 Be7 9. O-O O-O 10. Bf4 Bd7 11. Qb3 Bc6 12. Nb5 Nd5 13. Nbc3 Nxf4 14. Nxf4
Bg5 15. Nh3 Bf6 16. Rad1 Nd7 17. Be4 Bxe4 18. Nxe4 Qd5 19. Qxd5 exd5 20. Nc3
Nb6 21. Nf4 Rfd8 22. Rfe1 g6 23. g4 g5 24. Nh5 Bh8 25. f4 gxf4 26. Nxf4 Bf6 27.
Kg2 Bg5 28. Nh3 Bh4 29. Re5 Nc4 1/2-1/2

[Event "Offene Hessische Senioren Einzelmeisters"]
[Site "Bad Sooden- Allendorf"]
[Date "2013.04.22"]
[Round "3.55"]
[White "Ripoll, Luis"]
[Black "Heil, Rudolf"]
[Result "1/2-1/2"]
[WhiteElo "1803"]
[BlackElo "1583"]
[Annotator ",Microsoft"]
[PlyCount "99"]
[EventDate "2013.??.??"]
[WhiteTeam "SK Lister Turm"]
[BlackTeam "SC Starnberg"]

1. e4 Nc6 2. d4 e5 3. d5 Nce7 4. Nf3 Ng6 5. Bd3 Bc5 6. Nbd2 Nf6 7. O-O O-O 8.
Nb3 Bb6 9. h3 d6 10. Be3 Bd7 11. Bxb6 axb6 12. Re1 Qc8 13. Bf1 Nf4 14. Kh2 N6h5
15. Ng1 f5 16. exf5 Nxg2 17. Bxg2 Rxf5 18. Rf1 Qf8 19. Qd2 Bb5 20. Be4 Rf4 21.
Bd3 Bd7 $11 22. Rae1 Qf7 23. a3 Rf8 24. f3 Rh4 25. Qg5 Qf6 26. Qxf6 Rxf6 27.
Re4 Nf4 28. Rxf4 Rhxf4 29. Re1 Bf5 30. Bxf5 R4xf5 31. Nd2 Rg6 32. Re4 Rgf6 33.
c4 c6 34. b3 b5 35. Re3 bxc4 36. bxc4 cxd5 37. cxd5 Rf8 38. Ne4 Rd8 39. Rc3
Rff8 40. Rb3 Rd7 41. Rb6 Ra8 42. Rb3 Ra5 43. Rd3 Rb5 44. Nc3 Rb6 45. Kg3 Rc7
46. Nge2 Rb3 47. a4 Rc4 48. Rd2 Rcxc3 49. Nxc3 Rxc3 50. Rb2 1/2-1/2

[Event "Offene Hessische Senioren Einzelmeisters"]
[Site "Bad Sooden- Allendorf"]
[Date "2013.04.22"]
[Round "3.56"]
[White "Otto, Klaus"]
[Black "Schlag, Franz"]
[Result "0-1"]
[WhiteElo "1520"]
[BlackElo "1801"]
[PlyCount "56"]
[EventDate "2013.??.??"]
[WhiteTeam "Thüringer SV Triebes"]
[BlackTeam "SK Turm Bad Hersfeld"]

1. e4 e5 2. Nf3 d6 3. Be2 Nc6 4. d4 Bg4 5. d5 Nge7 6. Be3 a6 7. Nc3 h6 8. h3
Bd7 9. Qd2 f5 10. exf5 Nxf5 11. Bd3 Nce7 12. g4 Nxe3 13. fxe3 c6 14. e4 c5 15.
Nh4 g5 16. Nf5 Ng6 17. O-O-O b5 18. Bf1 Qb6 19. Qe3 a5 20. Kd2 a4 21. Ne2 a3
22. b4 Qa7 23. bxc5 Qa5+ 24. Qc3 b4 25. Qa1 Qxc5 26. Ke1 Qxc2 27. Rc1 Qxe4 28.
Rg1 Nf4 0-1

[Event "Offene Hessische Senioren Einzelmeisters"]
[Site "Bad Sooden- Allendorf"]
[Date "2013.04.22"]
[Round "3.57"]
[White "Neumann, Dr. Peter"]
[Black "Türtmann, Dieter"]
[Result "0-1"]
[WhiteElo "1478"]
[BlackElo "1797"]
[PlyCount "64"]
[EventDate "2013.??.??"]
[WhiteTeam "SF Ostsee Warnemünde"]
[BlackTeam "ESV 1949 Eberswalde e.V."]

1. d4 e6 2. c4 Nf6 3. Nc3 Bb4 4. a3 Bxc3+ 5. bxc3 b6 6. Bg5 h6 7. Bh4 O-O 8.
Nf3 Bb7 9. e3 d6 10. Be2 Nbd7 11. h3 Qc8 12. Qc2 Re8 13. Bg3 Ne4 14. Bh2 Nf8
15. O-O f5 16. Nd2 Nf6 17. Bf3 Bxf3 18. Nxf3 Qb7 19. Rad1 Rad8 20. Nd2 c5 21.
Rfe1 Ne4 22. f3 Nxd2 23. Rxd2 Qf7 24. d5 e5 25. Rf2 Nh7 26. g4 g6 27. Qd2 Kh8
28. Rg2 Ng5 29. Rg3 f4 30. exf4 exf4 31. Rxe8+ Rxe8 32. Rg2 Nxf3+ 0-1

[Event "Offene Hessische Senioren Einzelmeisters"]
[Site "Bad Sooden- Allendorf"]
[Date "2013.04.22"]
[Round "3.58"]
[White "Noordijk, Ed"]
[Black "Barlo, Werner"]
[Result "0-1"]
[WhiteElo "1782"]
[BlackElo "1579"]
[PlyCount "62"]
[EventDate "2013.??.??"]
[WhiteTeam "S.C. Oegstgeest '80"]
[BlackTeam "SK Zehlendorf e.V."]

1. Nf3 Nf6 2. d3 d5 3. Nbd2 e6 4. e4 dxe4 5. dxe4 Be7 6. Be2 Nc6 7. c3 O-O 8.
O-O b6 9. Qc2 Bb7 10. Rd1 Qc8 11. Nf1 h6 12. Ng3 Rd8 13. Bf4 a5 14. Nd4 Nxd4
15. cxd4 c5 16. dxc5 Rxd1+ 17. Rxd1 Bxc5 18. Bd3 Qc6 19. Qe2 Rd8 20. Rc1 e5 21.
Be3 Qd6 22. Bxc5 bxc5 23. Rd1 Ba6 24. Qe1 Bxd3 25. Qxa5 g6 26. h3 Rd7 27. Ne2
Nxe4 28. Nc1 c4 29. Nxd3 Qd4 30. Re1 Rd5 31. Qa4 cxd3 0-1

[Event "Offene Hessische Senioren Einzelmeisters"]
[Site "Bad Sooden- Allendorf"]
[Date "2013.04.22"]
[Round "3.59"]
[White "Hartlaub, Marianne"]
[Black "Fritsch, Dr. Jürgen"]
[Result "0-1"]
[WhiteElo "1388"]
[BlackElo "1779"]
[PlyCount "139"]
[EventDate "2013.??.??"]
[WhiteTeam "SK 1982 Klingenberg/Main"]
[BlackTeam "SK Lister Turm"]

1. Nf3 d5 2. c4 e6 3. g3 Nf6 4. Bg2 Be7 5. O-O O-O 6. cxd5 exd5 7. e3 c6 8. Nc3
Bf5 9. Qb3 b5 10. d4 a5 11. Nh4 Bd3 12. Rd1 a4 13. Nxa4 Bc4 14. Qc2 bxa4 15.
Nf5 Na6 16. Nxe7+ Qxe7 17. Bd2 Nb4 18. Bxb4 Qxb4 19. Bf1 Bxf1 20. Kxf1 Qb5+ 21.
Kg2 g6 22. Rab1 Rfc8 23. Rdc1 Ne4 24. f3 Nd6 25. b3 a3 26. Qd2 Qa5 27. Qf2 Qb4
28. Rc5 Nb7 29. Rc2 Rc7 30. Rbc1 Rac8 31. e4 dxe4 32. fxe4 Nd6 33. Qe3 Nb5 34.
Rc4 Qd6 35. Rf1 Qe6 36. Rc5 f6 37. h4 Nd6 38. Re1 Nb7 39. Rc2 Qd6 40. Kh2 c5
41. Rd2 c4 42. e5 fxe5 43. dxe5 Qc5 44. Qf3 Rf8 45. Qe2 cxb3 46. axb3 Rcf7 47.
Qc4 Qxc4 48. bxc4 Rf2+ 49. Rxf2 Rxf2+ 50. Kh3 Kf8 51. Re3 a2 52. Ra3 Ke7 53.
Ra7 Ke6 54. Kg4 Kxe5 55. Kg5 Nd6 56. Ra5+ Kd4 57. c5 Ne4+ 58. Kh6 Nxc5 59. Kxh7
Nb3 60. Ra4+ Ke5 61. Rxa2 Rxa2 62. Kxg6 Rg2 63. h5 Rxg3+ 64. Kh7 Nd4 65. Kh8
Nf5 66. Kh7 Kf6 67. h6 Nxh6 68. Kh8 Nf7+ 69. Kh7 Ne5 70. Kh8 0-1

[Event "Offene Hessische Senioren Einzelmeisters"]
[Site "Bad Sooden- Allendorf"]
[Date "2013.04.22"]
[Round "3.60"]
[White "Thielemann, Joachim"]
[Black "Samarian, Cornel"]
[Result "0-1"]
[WhiteElo "1777"]
[BlackElo "1574"]
[PlyCount "120"]
[EventDate "2013.??.??"]
[WhiteTeam "TSV Hessenstein"]
[BlackTeam "SC Pegasus Lohkirchen"]

1. e4 e5 2. Nc3 Nf6 3. Nge2 d6 4. h3 Be7 5. d3 O-O 6. Be3 Nc6 7. Qd2 d5 8. exd5
Nxd5 9. Nxd5 Qxd5 10. a3 a5 11. Nc3 Qe6 12. Be2 Nd4 13. O-O Nxe2+ 14. Qxe2 Bd7
15. Rae1 Bd6 16. Bc1 Qg6 17. Qe3 h6 18. Ne2 Bc6 19. Qg3 Qxg3 20. Nxg3 f5 21. f4
Rae8 22. Re2 e4 23. Rfe1 exd3 24. Rxe8 Bxe8 25. cxd3 Bd7 26. Kf2 g6 27. Bd2 b6
28. b4 a4 29. d4 Bc6 30. Rc1 Bb5 31. Re1 Kf7 32. Nh1 h5 33. Be3 Bc4 34. Rc1 b5
35. Rc3 Re8 36. Kg1 Kf6 37. Nf2 Ke6 38. g4 hxg4 39. hxg4 Rh8 40. Kg2 Bd5+ 41.
Kg3 g5 42. Bd2 Rg8 43. Kh2 gxf4 44. Rh3 f3+ 45. Kg1 fxg4 46. Rh6+ Kd7 47. Rh5
Bc4 48. Ne4 g3 49. Be1 Rg6 50. Rh7+ Kc8 51. Rh8+ Kd7 52. Rh7+ Kc6 53. Rh3 f2+
54. Bxf2 gxf2+ 55. Kxf2 Bf8 56. Rh5 Bg7 57. Rc5+ Kb6 58. Ke3 c6 59. Ng5 Bh6 60.
Kf4 Bxg5+ 0-1

[Event "Offene Hessische Senioren Einzelmeisters"]
[Site "Bad Sooden- Allendorf"]
[Date "2013.04.22"]
[Round "3.62"]
[White "Blosze, Winfried"]
[Black "Bartels, Lothar"]
[Result "1-0"]
[WhiteElo "1759"]
[BlackElo "1568"]
[PlyCount "142"]
[EventDate "2013.??.??"]
[WhiteTeam "SV Königsspringer 1929 Großauhei"]
[BlackTeam "SG Lasker Steglitz-Wilmersdorf"]

1. e4 d5 2. exd5 Nf6 3. d4 Nxd5 4. c4 Nf6 5. Nc3 e6 6. a3 Be7 7. Nf3 Nbd7 8.
Bd3 c5 9. O-O cxd4 10. Nxd4 Nc5 11. Be2 O-O 12. b4 Ncd7 13. Be3 Re8 14. Qc2 a6
15. Rfd1 Qc7 16. Rac1 b6 17. Na4 Bb7 18. Bf3 Bxf3 19. Nxf3 Rac8 20. Qb3 Qb7 21.
h3 b5 22. Nb2 bxc4 23. Nxc4 Red8 24. Na5 Qa8 25. Qa4 Rxc1 26. Rxc1 Bf8 27. Qc6
Nd5 28. Bd4 Qxc6 29. Rxc6 Ra8 30. Ne5 Nxe5 31. Bxe5 h6 32. Bd6 Bxd6 33. Rxd6
Kf8 34. Rc6 Ke8 35. Kf1 Kd7 36. Ke2 f6 37. g3 g5 38. Kd3 h5 39. Rc5 Rb8 40. Nb3
Rb6 41. Ra5 Nc7 42. Nc5+ Ke7 43. Ne4 e5 44. f4 gxf4 45. gxf4 f5 46. Rxe5+ Kf7
47. Rxf5+ Kg6 48. Rg5+ Kh6 49. Ng3 Rd6+ 50. Ke4 Re6+ 51. Re5 Rc6 52. Rxh5+ Kg6
53. Rg5+ Kf7 54. Rc5 Re6+ 55. Kf3 Nb5 56. a4 Nd4+ 57. Kg4 Rg6+ 58. Rg5 Rb6 59.
b5 axb5 60. axb5 Nxb5 61. h4 Nd4 62. h5 Ne6 63. Rf5+ Kg7 64. Ne4 Nd4 65. Rd5
Nc2 66. Kg5 Ne3 67. Rd7+ Kf8 68. h6 Rb5+ 69. Kg6 Rb6+ 70. Rd6 Rb8 71. Nf6 Rb1
1-0

[Event "Offene Hessische Senioren Einzelmeisters"]
[Site "Bad Sooden- Allendorf"]
[Date "2013.04.22"]
[Round "3.63"]
[White "Jauch, Dieter"]
[Black "Dombrowe, Eckehard"]
[Result "1-0"]
[WhiteElo "1756"]
[BlackElo "1562"]
[Annotator ",Microsoft"]
[PlyCount "60"]
[EventDate "2013.??.??"]
[WhiteTeam "SK Bietigheim-Bissingen"]
[BlackTeam "SG Nettetal 1929"]

1. d4 d5 2. Nf3 Nf6 3. e3 e6 4. Bd3 c5 5. b3 Nbd7 6. Nbd2 cxd4 7. exd4 Bd6 8.
Bb2 O-O 9. O-O a5 10. a4 b6 11. Re1 Ba6 12. c4 Bb4 13. Rc1 dxc4 14. bxc4 Bb7
15. Re2 Re8 16. Qb3 Rc8 17. h3 Bd6 18. Ba3 Bf4 $11 19. Rce1 Qc7 20. Qa2 e5 21.
d5 Nc5 22. Bxc5 Qxc5 23. Nb3 Qd6 24. Qb1 e4 25. Bxe4 Rxc4 26. Bxh7+ Kf8 27. Bd3
Rxa4 28. Rxe8+ Nxe8 29. Bb5 Nc7 30. Qh7 Qb4 1-0

[Event "Offene Hessische Senioren Einzelmeisters"]
[Site "Bad Sooden- Allendorf"]
[Date "2013.04.22"]
[Round "3.64"]
[White "Stratmann, Alois"]
[Black "Voermans, Adri"]
[Result "0-1"]
[WhiteElo "1366"]
[BlackElo "1756"]
[PlyCount "72"]
[EventDate "2013.??.??"]
[WhiteTeam "SV Ahlen 1954 e.V."]
[BlackTeam "Discendo Discimus"]

1. c4 g6 2. Nc3 Bg7 3. Nf3 e6 4. g3 Ne7 5. Bg2 c6 6. O-O d5 7. cxd5 Nxd5 8. Qb3
O-O 9. Nxd5 cxd5 10. d4 Nc6 11. e3 b6 12. Bd2 Ba6 13. Rfc1 Bc4 14. Qd1 Rc8 15.
b3 Bd3 16. Rc3 Be4 17. Rac1 Qd7 18. a3 Qb7 19. Ne1 Bxg2 20. Nxg2 a5 21. Ne1 e5
22. dxe5 Nxe5 23. Rxc8 Rxc8 24. Rxc8+ Qxc8 25. f4 Ng4 26. Qc2 Qe6 27. Qd3 h5
28. Nf3 Nf6 29. Kg2 Ne4 30. h3 Qc6 31. b4 a4 32. h4 Qc4 33. Qxc4 dxc4 34. Be1
Nc3 35. Kf2 Na2 36. Nd2 c3 0-1

[Event "Offene Hessische Senioren Einzelmeisters"]
[Site "Bad Sooden- Allendorf"]
[Date "2013.04.22"]
[Round "3.66"]
[White "Rehder, Frank"]
[Black "Burkardt, Robert"]
[Result "1-0"]
[WhiteElo "1747"]
[BlackElo "1507"]
[PlyCount "81"]
[EventDate "2013.??.??"]
[WhiteTeam "SC Zugzwang 95 e.V."]
[BlackTeam "SV 1926 Fechenheim"]

1. d4 d5 2. Nf3 Nf6 3. b3 Nc6 4. Bb2 Bg4 5. e3 e6 6. Be2 a6 7. O-O Be7 8. a3
O-O 9. Nbd2 h6 10. c4 Rc8 11. Bd3 Nb8 12. c5 c6 13. Qc2 Bxf3 14. Nxf3 Nbd7 15.
b4 Ne8 16. Nd2 f5 17. f3 Bg5 18. Rae1 Bh4 19. Re2 Be7 20. Rfe1 Bg5 21. Nf1 Nc7
22. g3 Be7 23. Rg2 Nf6 24. Nd2 g6 25. g4 Kh8 26. e4 fxe4 27. fxe4 g5 28. Re3
Rf7 29. Rh3 Ng8 30. Nf3 Qf8 31. Ne5 Qe8 32. Nxf7+ Qxf7 33. Rf2 Qg7 34. Rhf3 Nf6
35. h3 Rf8 36. e5 Nd7 37. Rxf8+ Bxf8 38. Bg6 Qe7 39. Rf7 Qd8 40. Bh5 Bg7 41.
Qg6 1-0

[Event "Offene Hessische Senioren Einzelmeisters"]
[Site "Bad Sooden- Allendorf"]
[Date "2013.04.22"]
[Round "3.67"]
[White "Lübbers, Dr. Doris"]
[Black "Fleischer, Martin"]
[Result "0-1"]
[WhiteElo "1335"]
[BlackElo "1746"]
[Annotator ",Microsoft"]
[PlyCount "29"]
[EventDate "2013.??.??"]
[WhiteTeam "Sfr. Taunus Königstein/Schwalbac"]
[BlackTeam "SV Einheit Schwerin"]

1. d4 e6 2. Nf3 d5 3. e3 Nf6 4. Bd3 c5 5. b3 Nc6 6. c3 Qc7 7. O-O b6 8. Bb2 Bb7
9. Nbd2 a6 10. c4 Be7 11. Re1 O-O 12. cxd5 Nxd5 13. Nc4 Bf6 14. Qe2 b5 15. Nce5
{Rest nicht rekonstruierbar} 0-1

[Event "Offene Hessische Senioren Einzelmeisters"]
[Site "Bad Sooden- Allendorf"]
[Date "2013.04.22"]
[Round "3.68"]
[White "Ranker, Klemens"]
[Black "Kluge, Hans C"]
[Result "1-0"]
[WhiteElo "1744"]
[BlackElo "1371"]
[PlyCount "59"]
[EventDate "2013.??.??"]
[WhiteTeam "SC Hauptstuhl"]
[BlackTeam "Bahn-SC Wuppertal"]

1. e4 d6 2. Nc3 Nf6 3. d4 g6 4. Bg5 Bg7 5. h3 O-O 6. Nf3 Nbd7 7. Bc4 h6 8. Bf4
Nh5 9. Bh2 e5 10. Qd2 exd4 11. Nxd4 Ne5 12. Bb3 c6 13. a3 Qe7 14. O-O Be6 15.
Nxe6 fxe6 16. f4 Nf7 17. g4 Bxc3 18. Qxc3 Ng7 19. f5 gxf5 20. exf5 Ng5 21. f6
Ne4 22. fxe7 Rxf1+ 23. Rxf1 Nxc3 24. bxc3 d5 25. Bc7 Re8 26. Bd8 e5 27. c4 Ne6
28. cxd5 Nxd8 29. dxc6+ Kg7 30. exd8=Q 1-0

[Event "Offene Hessische Senioren Einzelmeisters"]
[Site "Bad Sooden- Allendorf"]
[Date "2013.04.22"]
[Round "3.69"]
[White "Henniges, Erhard"]
[Black "Burckhardt, Karl"]
[Result "0-1"]
[WhiteElo "1304"]
[BlackElo "1725"]
[PlyCount "64"]
[EventDate "2013.??.??"]
[WhiteTeam "SV Rochade Magdeburg 96"]
[BlackTeam "SC Fulda"]

1. Nf3 f5 2. c4 Nf6 3. Nc3 e6 4. e3 Be7 5. d4 d5 6. Be2 O-O 7. O-O Nbd7 8. Ng5
Nb8 9. Nf3 c6 10. c5 b6 11. b4 Ne4 12. Bd2 Nd7 13. Ne1 Ndf6 14. f3 Nxd2 15.
Qxd2 a5 16. Nd3 axb4 17. Nxb4 Bb7 18. a4 bxc5 19. dxc5 Bxc5 20. Nc2 e5 21. Rab1
Ba6 22. Bxa6 Rxa6 23. Rb7 Rb6 24. Rb1 Rxb1+ 25. Rxb1 d4 26. exd4 exd4 27. Nd1
d3+ 28. Nce3 f4 29. Rb3 fxe3 30. Nxe3 Qe7 31. Rxd3 Re8 32. Kf1 Bxe3 0-1

[Event "Offene Hessische Senioren Einzelmeisters"]
[Site "Bad Sooden- Allendorf"]
[Date "2013.04.22"]
[Round "3.70"]
[White "Hentzschel, Erhard"]
[Black "Grasmik, Waldemar"]
[Result "1/2-1/2"]
[WhiteElo "1723"]
[BlackElo "1358"]
[PlyCount "59"]
[EventDate "2013.??.??"]
[WhiteTeam "Peiner SV"]
[BlackTeam "TSV 1876 Bad Kissingen"]

1. e4 d5 2. exd5 Nf6 3. Nc3 a6 4. Be2 c6 5. dxc6 Nxc6 6. Nf3 h5 7. d4 Qc7 8.
Bg5 Bg4 9. h3 Bxf3 10. Bxf3 O-O-O 11. Bxf6 gxf6 12. d5 Ne5 13. Qe2 e6 14. O-O-O
Bb4 15. Qe3 Nc4 16. Qd3 b5 17. Kb1 Kb8 18. Qe4 f5 19. d6 Qa7 20. Qf4 Qd7 21.
Ne2 e5 22. Qc1 e4 23. Nd4 exf3 24. Nxf3 Qe6 25. c3 Bxd6 26. Rhe1 Qg6 27. Nd4
Qxg2 28. f3 Rdf8 29. Nxf5 Qg6 30. Qc2 1/2-1/2

[Event "Offene Hessische Senioren Einzelmeisters"]
[Site "Bad Sooden- Allendorf"]
[Date "2013.04.22"]
[Round "3.71"]
[White "Marinoni, Rainer"]
[Black "Nietsch, Horst"]
[Result "0-1"]
[WhiteElo "1146"]
[BlackElo "1719"]
[PlyCount "68"]
[EventDate "2013.??.??"]
[WhiteTeam "SC Eschwege"]
[BlackTeam "SG Weißensee 49 e.V."]

1. e4 g6 2. d4 Bg7 3. Nf3 d6 4. Bg5 h6 5. Be3 c6 6. Bd3 Nf6 7. c3 Nbd7 8. Qc2
e5 9. O-O O-O 10. Qd2 Ng4 11. Na3 Qe7 12. h3 Nxe3 13. fxe3 Nf6 14. Nc4 Nh7 15.
Qc2 Ng5 16. Kh2 a5 17. Nb6 Rb8 18. Nxc8 Rbxc8 19. Qb3 Ne6 20. Nd2 h5 21. Bc4 b5
22. Rxf7 bxc4 23. Rxe7 cxb3 24. Rxe6 Rf2 25. Nxb3 a4 26. Na5 exd4 27. exd4 c5
28. Rxg6 cxd4 29. cxd4 Rcc2 30. b4 Kf7 31. Rg5 Bxd4 32. Rb1 Bf6 33. Rg3 Be5 34.
b5 Rxg2+ 0-1

[Event "Offene Hessische Senioren Einzelmeisters"]
[Site "Bad Sooden- Allendorf"]
[Date "2013.04.22"]
[Round "3.72"]
[White "Meinke, Dietlind"]
[Black "Rollwitz, Inge"]
[Result "1-0"]
[WhiteElo "1711"]
[BlackElo "1231"]
[PlyCount "89"]
[EventDate "2013.??.??"]
[WhiteTeam "MTV Leck von 1889"]
[BlackTeam "SG Wedding e.V."]

1. e4 d6 2. d4 g6 3. Nc3 Bg7 4. Bc4 e6 5. Nf3 c6 6. O-O b5 7. Bb3 Ne7 8. Re1
O-O 9. Bf4 e5 10. dxe5 dxe5 11. Nxe5 Nd7 12. Nxd7 Bxd7 13. e5 Be6 14. Qe2 Nf5
15. Rad1 Qb6 16. Qe4 Rad8 17. Ne2 Rxd1 18. Rxd1 Rd8 19. Rxd8+ Qxd8 20. h3 c5
21. Bxe6 fxe6 22. Qd3 Qxd3 23. cxd3 Kf7 24. g4 Nd4 25. Nxd4 cxd4 26. Bg3 Bf8
27. f4 Be7 28. Kg2 h6 29. Kf3 Ke8 30. Ke4 Bc5 31. Bf2 Kd7 32. Bxd4 Bxd4 33.
Kxd4 Kc6 34. b4 a6 35. Ke4 Kd7 36. d4 Kc6 37. f5 gxf5+ 38. gxf5 exf5+ 39. Kxf5
Kd5 40. e6 Kc4 41. e7 Kxb4 42. e8=Q Ka4 43. d5 Ka5 44. d6 b4 45. d7 1-0

[Event "Offene Hessische Senioren Einzelmeisters"]
[Site "Bad Sooden- Allendorf"]
[Date "2013.04.22"]
[Round "3.73"]
[White "Brahn, Helmut"]
[Black "Rollwitz, Jürgen"]
[Result "0-1"]
[WhiteElo "1547"]
[BlackElo "1804"]
[PlyCount "112"]
[EventDate "2013.??.??"]
[WhiteTeam "SG Springer Burghaun"]
[BlackTeam "SG Wedding e.V."]

1. c4 d6 2. Nf3 e5 3. d3 Nc6 4. e3 Nf6 5. Nc3 Be6 6. Be2 Be7 7. O-O h6 8. Bd2
O-O 9. a3 d5 10. cxd5 Nxd5 11. Nxd5 Qxd5 12. Qc2 Rad8 13. Bc3 Bd6 14. Rac1 Bg4
15. h3 Bh5 16. Rfd1 Rde8 17. Nh4 Bxe2 18. Qxe2 Qe6 19. Nf3 e4 20. dxe4 Qxe4 21.
Qd3 Qxd3 22. Rxd3 Rd8 23. Rcd1 Rfe8 24. g3 Be7 25. b4 Rxd3 26. Rxd3 Rd8 27.
Rxd8+ Nxd8 28. Nd4 a6 29. Nf5 Bf8 30. Be5 Ne6 31. Kf1 g6 32. Nd4 c5 33. Nxe6
fxe6 34. bxc5 Bxc5 35. a4 b6 36. Ke2 Kf7 37. g4 Ke7 38. Kd3 Kd7 39. Bg7 h5 40.
gxh5 gxh5 41. f4 Ke7 42. e4 Kf7 43. Bd4 Bxd4 44. Kxd4 Kf6 45. h4 e5+ 46. Ke3
exf4+ 47. Kxf4 b5 48. e5+ Ke6 49. axb5 axb5 50. Ke4 b4 51. Kd4 b3 52. Kc3 Kxe5
53. Kxb3 Kf4 54. Kc3 Kg4 55. Kd3 Kxh4 56. Ke3 Kg3 0-1

[Event "Offene Hessische Senioren Einzelmeisters"]
[Site "Bad Sooden- Allendorf"]
[Date "2013.04.22"]
[Round "3.74"]
[White "Schneider, Miloca"]
[Black "Narr, Irmgard"]
[Result "1-0"]
[WhiteElo "1799"]
[BlackElo "1529"]
[Annotator ",Microsoft"]
[PlyCount "74"]
[EventDate "2013.??.??"]
[WhiteTeam "SG Witten"]
[BlackTeam "SC Mühlhof-Reichelsdorf e.V."]

1. d4 Nf6 2. c4 e6 3. Nc3 c5 4. d5 exd5 5. cxd5 d6 6. Bg5 Be7 7. e4 O-O 8. Bd3
Nbd7 9. Nf3 Re8 10. O-O a6 11. Rc1 b5 12. b3 Nf8 13. h3 Ng6 14. Re1 Ra7 15. Ne2
Nxd5 16. Bxe7 Ndxe7 17. Qd2 Nc6 18. Bb1 Nce5 19. Nxe5 Nxe5 20. f4 Ng6 21. Rcd1
Rd7 22. g3 Bb7 23. Nc3 Qc7 24. Nd5 Bxd5 25. Qxd5 Ne7 26. Qd3 Qb6 27. Kh2 Ng6
28. h4 h6 29. Qd5 Ne7 30. Qh5 Ng6 31. e5 Nf8 32. e6 Rxe6 33. Rxe6 Nxe6 34. f5
Nf8 35. f6 c4 36. fxg7 Qf2+ 37. Kh3 Kxg7 {Rest nicht zu rekonstruieren} 1-0